Milan Lechan: Žena, ulica, dlaň, kosť

Bibliographic Details
Main Author: Maťovčík, Augustín, 1937- (Author)
Format: Article
Language:Slovak
Subjects:

MARC

LEADER 00000nab a2200000 a 4500
001 vtls000139578
003 SK-MaSNL
005 20260304073210.0
008 250423c1982 xo 0 slo
015 |a SNBRB19rr/mm-uuuuu 
035 |a CL0149684 
035 |a urn:nbn:sk:snk-abek3i 
035 |a (urnnbn)urn:nbn:sk:snk:ar-003cbt 
035 |a (uuid)655fb498-ddd0-42dd-8287-1d9638362f07 
040 |a SNKBUCL  |b slo  |c SNKBUCL  |e AACR2 
041 0 |a slo 
044 |a xo  |c SK 
080 |a 82.09:885.4-1(048)  |2 1981 
080 |a 885.4-1(048)  |2 1981 
100 1 |a Maťovčík, Augustín,  |d 1937-  |4 aut  |9 98490 
245 1 0 |a Milan Lechan: Žena, ulica, dlaň, kosť  |c Augustín Maťovčík 
500 |a V rubrike Knihy, recenzie, glosy 
650 0 7 |a satirické básne  |2 snkbucl  |9 59670 
650 0 7 |a slovenská poézia  |2 snkbucl  |9 215422 
655 7 |a recenzie  |2 snkbucl  |9 21907 
655 7 |a články z novín a časopisov  |2 snkbucl  |9 267496 
655 7 |a články z odboru literárna veda a krásna literatúra  |2 snkbucl  |9 770045 
773 0 |t Slovenské pohľady  |g Roč. 98, č. 12 (1982), s. 117-118 
787 0 8 |i Rec.:  |a Lechan, Milan  |t Žena, ulica, dlaň, kosť  |d Martin : Osveta, 1982 
850 |a Slovenská národná knižnica 
852 |a Slovenská národná knižnica 
954 |a odborná, vedecká literatúra pôvodná (slovenská)  |2 lita 
958 |a article27 
958 |a RK 
958 |a LX 
958 |a OND 
958 |a EUIPO 
992 |a RBX 
999 |c 2770113  |d 2772043